Statistics for The First Ever EFL League One Standings

Click here to take the quiz!

General Stats

  • This quiz has been taken 21 times
  • The average score is 15 of 24

Answer Stats

Club% Correct
Port Vale
86%
Tranmere Rovers
76%
Doncaster Rovers
71%
Huddersfield Town
71%
Hull City
71%
Luton Town
71%
Swindon Town
71%
Blackpool
67%
Bradford City
67%
Bristol City
67%
Oldham Athletic
67%
Sheffield Wednesday
67%
Stockport County
67%
Wrexham
67%
Bournemouth
62%
Chesterfield
62%
Barnsley
57%
Colchester United
57%
Brentford
52%
Hartlepool United
52%
Torquay United
48%
Walsall
48%
Peterborough United
43%
Milton Keynes Dons
29%

Score Distribution

Percentile by Number Answered

Percent of People with Each Score

Your Score History

You have not taken this quiz